01208cam a2200301 i 450000100090000000300090000900500170001800800410003502000220007602000180009804000500011608200170016610000380018324501050022125000210032626400920034730000520043933600260049133700280051733800270054550400520057265000390062465300240066365500240068794200120071199900170072395201660074013501297EG-ScBUE20250728100447.0040225r20062004enkadk f b f001 0 eng d a0198502893 (pbk.) a9780198502890 aUKMbengerdacUKMdOCLCQdC#PdDLCdEG-ScBUE04a543222bHIG1 aHigson, Séamus,eauthor.93737610aAnalytical chemistry /cSéamus Higson, professor of bio-and electroanalysis, Cranfield University. aReprint edition. aOxford, United Kingdom ; aNew York, United States : bOxford University Press, c2006. aix, 453 pages :bcharts, forms, tables ;c25 cm 2rdacontentatextbtxt aunmediated2rdamediabn avolumebnc2rdacarrier aIncludes bibliographical references and index.  7aChemistry, Analytic.2BUEsh913137 bPPhrmcFebruary2015 vReading book934232 2ddccBB c18961d18933 00102ddc40708BaccahaMAINbMAINc1STd2015-02-11epurchaseg285.00h21291l3m23o543 HIGp000037390r2025-07-15 00:00:00s2023-10-12v356.00w2015-02-11yBB